• 首页
  • 本馆介绍
  • 公告通知
  • 最新文献
  • 馆藏检索
  • 电子资源
  • 读者导购
  • 参考咨询
  • 我的图书馆
  • 登录
  • 详细信息显示
  • 放入我的书架
  • 预约/预借图书
  • 作者相关作品
  • 分类相关作品
  • 丛书相关作品
  • 出版社相关作品

书目信息

  • 表格格式
  • 工作单格式
  • 卡片格式
题名:
自然语言逻辑研究
    
 
作者: 邹崇理 著
分册:  
出版信息: 北京   北京大学出版社  2000
页数: 452页
开本: 20cm
丛书名:
单 册:
中图分类: B81-05
科图分类:
主题词: 自然语言--语言逻辑--研究
电子资源:
ISBN: 7-301-04528-X
000 00629nam0 2200217 45
001 0411291503
005 20041130091219.6
010    @a7-301-04528-X@dCNY26.00
100    @a20041129d2000 km y0chiy0120 ea
101 0  @achi
105    @a z 000yy
200 1  @a自然语言逻辑研究@AZi Ran Yu Yan Luo Ji Yan Jiu@f邹崇理著@FZou Chong LiZhu
210    @a北京@c北京大学出版社@d2000
215    @a452页@d20cm
300    @a国家哲学社会科学基金九五重点项目
300    @a术语索引
606 0  @a自然语言@x语言逻辑@x研究
690    @aB81-05@v4
701  0 @a邹崇理@4著
801    @aCN@bTSTCL@c20041129
905    @b336706-710@dB81-05@e148@f5
    
    自然语言逻辑研究/邹崇理著.-北京:北京大学出版社,2000
    452页;20cm
    国家哲学社会科学基金九五重点项目.-术语索引
    
    ISBN 7-301-04528-X:CNY26.00
    
●
相关链接 在E读中查询图书 在五车中查询图书 在当当中查询图书 在豆瓣中查询图书


正题名:自然语言逻辑研究     索取号:B81-05/148         预约/预借

序号 登录号 条形码 馆藏地/架位号 状态 备注
1 0336706   203367061   第一借阅区/ [索取号:B81-05/148] 在馆    
2 0336707   203367070   第一借阅区/ [索取号:B81-05/148] 在馆    
3 0336708   203367089   第一借阅区/ [索取号:B81-05/148] 在馆    
4 0336709   203367098   第一借阅区/ [索取号:B81-05/148] 在馆    
5 0336710   203367105   第一样本阅览室/ [索取号:B81-05/148] 在馆    
欢迎您!
大连网信软件有限公司© 版权所有